|
|
|
|
| LEADER |
01595nam a2200433 a 4500 |
| 001 |
EBC3020734 |
| 003 |
MiAaPQ |
| 005 |
20200520144314.0 |
| 006 |
m o d | |
| 007 |
cr cn||||||||| |
| 008 |
100713s2010 nyuab sb 001 0 eng d |
| 010 |
|
|
|z 2010026981
|
| 020 |
|
|
|z 9781617288838 (hc)
|
| 020 |
|
|
|z 1617288837 (hc)
|
| 020 |
|
|
|a 9781617611582 (electronic bk.)
|
| 035 |
|
|
|a (MiAaPQ)EBC3020734
|
| 035 |
|
|
|a (Au-PeEL)EBL3020734
|
| 035 |
|
|
|a (CaPaEBR)ebr10680872
|
| 035 |
|
|
|a (OCoLC)710995114
|
| 040 |
|
|
|a MiAaPQ
|c MiAaPQ
|d MiAaPQ
|
| 043 |
|
|
|a n-us---
|a d------
|
| 050 |
|
4 |
|a HG1975
|b .M849 2010
|
| 082 |
0 |
4 |
|a 332.1/53
|2 22
|
| 245 |
0 |
0 |
|a Multilateral development banks and international finance
|h [electronic resource] /
|c Leah M. Groffe, editor.
|
| 260 |
|
|
|a New York :
|b Nova Science Publishers,
|c c2010.
|
| 300 |
|
|
|a ix, 191 p. :
|b ill., maps.
|
| 490 |
1 |
|
|a Financial institutions and services
|
| 504 |
|
|
|a Includes bibliographical references and index.
|
| 533 |
|
|
|a Electronic reproduction. Ann Arbor, MI : ProQuest, 2015. Available via World Wide Web. Access may be limited to ProQuest affiliated libraries.
|
| 650 |
|
0 |
|a Development banks.
|
| 650 |
|
0 |
|a International finance.
|
| 650 |
|
0 |
|a Debt relief
|z Developing countries.
|
| 650 |
|
0 |
|a Economic assistance.
|
| 650 |
|
0 |
|a Economic assistance, American.
|
| 655 |
|
4 |
|a Electronic books.
|
| 700 |
1 |
|
|a Groffe, Leah M.
|
| 710 |
2 |
|
|a ProQuest (Firm)
|
| 830 |
|
0 |
|a Financial institutions and services.
|
| 856 |
4 |
0 |
|u https://ebookcentral.proquest.com/lib/matrademy/detail.action?docID=3020734
|z Click to View
|